[Event "Madrid ch - Previa A"]
[Site "Madrid ESP"]
[Date "2002.10.23"]
[Round "3.3"]
[White "Hernandez Navas, Francisco Javier"]
[Black "Rojas Jerez, Francisco J"]
[Result "1-0"]
[WhiteElo "1923"]
[BlackElo "1961"]
[PlyCount "83"]
[EventDate "2002.10.21"]
[EventType "swiss"]
[EventRounds "9"]
[EventCountry "ESP"]
[Source "lmi"]
[SourceDate "2002.10.21"]

1. c4 f5 2. Nc3 c6 3. d4 d5 4. cxd5 cxd5 5. e3 Nf6 6. Nf3 e6 7. Ne5 a6 8. f4
Bd6 9. Be2 O-O 10. O-O Bd7 11. Bd2 Nc6 12. a3 Be8 13. Nxc6 bxc6 14. b4 a5 15.
Na4 axb4 16. Bxb4 Ne4 17. Qc2 Rf7 18. Nc5 Bxc5 19. Bxc5 Rb7 20. Bb4 Qb6 21.
Rfc1 Qd8 22. Bd3 Nf6 23. Qc5 h6 24. Rcb1 Ng4 25. h3 Nf6 26. g4 Nd7 27. Qxc6 Rb6
28. Qc2 fxg4 29. hxg4 Qh4 30. Qg2 Nf6 31. g5 hxg5 32. fxg5 Ng4 33. Rf1 Bh5 34.
Rae1 Qxg5 35. Rf4 Rxb4 36. axb4 Ra3 37. Bb1 Rc3 38. Ref1 Rc8 39. b5 Qh6 40. b6
Rb8 41. b7 g6 42. Qc2 1-0

[Event "Madrid ch - Previa A"]
[Site "Madrid ESP"]
[Date "2002.10.23"]
[Round "3.5"]
[White "Castro Uceda, Jose Antonio"]
[Black "Rodriguez Bachiller, Luis"]
[Result "1/2-1/2"]
[WhiteElo "1700"]
[BlackElo "1978"]
[PlyCount "149"]
[EventDate "2002.10.21"]
[EventType "swiss"]
[EventRounds "9"]
[EventCountry "ESP"]
[Source "lmi"]
[SourceDate "2002.10.21"]

1. d4 Nf6 2. c4 g6 3. Nc3 Bg7 4. e4 d6 5. Nf3 O-O 6. Be2 e5 7. d5 Na6 8. O-O
Nc5 9. Bg5 h6 10. Bxf6 Bxf6 11. b4 Nd7 12. Nd2 Bg7 13. Nb3 b6 14. a4 f5 15. a5
Bb7 16. a6 Bc8 17. Qd3 Nb8 18. b5 fxe4 19. Nxe4 Bf5 20. Nbd2 Nd7 21. Qg3 Kh7
22. Ra3 Nc5 23. Bf3 Nxe4 24. Nxe4 g5 25. Re1 Bg6 26. Bg4 Rf4 27. Rae3 Qf8 28.
Qh3 Bxe4 29. Rxe4 Rxf2 30. Bf3 Rxf3 31. gxf3 Qf7 32. Rf1 Rf8 33. Qg2 Qh5 34.
Qg4 Qxg4+ 35. fxg4 Rxf1+ 36. Kxf1 Kg6 37. Kf2 Bf6 38. h3 Kf7 39. Re3 Kg6 40.
Rf3 e4 41. Rf5 Bd4+ 42. Ke2 Kg7 43. Rf1 Kg8 44. Rh1 Kg7 45. h4 Bf6 46. hxg5
Bxg5 47. Rf1 Kg8 48. Kd1 Kg7 49. Kc2 Kg8 50. Kc3 Kg7 51. Kd4 e3 52. Ke4 Kg8 53.
Kf5 Bh4 54. Rh1 e2 55. Ke6 e1=Q+ 56. Rxe1 Bxe1 57. Kd7 Kf7 58. Kxc7 Ke7 59. Kb7
Kd7 60. Kxa7 Kc7 61. c5 dxc5 62. d6+ Kxd6 63. Kxb6 c4 64. a7 Bf2+ 65. Kb7 Bxa7
66. Kxa7 c3 67. b6 c2 68. b7 c1=Q 69. b8=Q+ Qc7+ 70. Qxc7+ Kxc7 71. Ka6 Kd6 72.
Kb5 Ke5 73. Kc4 Kf4 74. Kd3 Kxg4 75. Ke2 1/2-1/2

[Event "Madrid ch - Previa A"]
[Site "Madrid ESP"]
[Date "2002.10.23"]
[Round "3.6"]
[White "Hernandez del Can, Jose"]
[Black "Galan Aguado, Fernando"]
[Result "1/2-1/2"]
[WhiteElo "1911"]
[BlackElo "1978"]
[PlyCount "48"]
[EventDate "2002.10.21"]
[EventType "swiss"]
[EventRounds "9"]
[EventCountry "ESP"]
[Source "lmi"]
[SourceDate "2002.10.21"]

1. c4 c5 2. e3 Nc6 3. d4 cxd4 4. exd4 d5 5. Be3 Nf6 6. Nc3 e6 7. Nf3 Bb4 8. a3
Be7 9. cxd5 Nxd5 10. Nxd5 Qxd5 11. Rc1 O-O 12. Bc4 Qa5+ 13. Bd2 Qb6 14. Bc3 Rd8
15. Qc2 Bf6 16. O-O Nxd4 17. Bxd4 Bxd4 18. Nxd4 Rxd4 19. Rfd1 e5 20. Rxd4 exd4
21. Bd3 g6 22. Qc7 Qxc7 23. Rxc7 Be6 24. Kf1 Bd5 1/2-1/2

[Event "Madrid ch - Previa A"]
[Site "Madrid ESP"]
[Date "2002.10.23"]
[Round "3.8"]
[White "Pardiñas Riaño, Emilio"]
[Black "Corredor Gonzalez, Angel"]
[Result "1-0"]
[WhiteElo "1961"]
[BlackElo "1874"]
[PlyCount "81"]
[EventDate "2002.10.21"]
[EventType "swiss"]
[EventRounds "9"]
[EventCountry "ESP"]
[Source "lmi"]
[SourceDate "2002.10.21"]

1. e4 e5 2. Nf3 Nf6 3. Nxe5 d6 4. Nf3 Nxe4 5. d4 d5 6. Bd3 Bd6 7. O-O O-O 8.
Re1 f5 9. c4 c6 10. Nc3 Bb4 11. Bd2 Nxd2 12. Nxd2 Qf6 13. Nf3 Nd7 14. cxd5 Bxc3
15. bxc3 cxd5 16. Qb3 Nb6 17. a4 Be6 18. a5 Nc4 19. Qxb7 Nd6 20. Qb4 Ne4 21.
Rab1 Rfc8 22. Rec1 g5 23. Rb2 g4 24. Ne5 Qg5 25. Rbc2 Rab8 26. Qa3 f4 27. f3
gxf3 28. Nxf3 Qg7 29. Qa2 Bf7 30. c4 Nf6 31. h3 Qg3 32. cxd5 Rxc2 33. Qxc2 Bxd5
34. Bc4 Kg7 35. Bxd5 Nxd5 36. Qf5 Rb2 37. Qe5+ Nf6 38. Qg5+ Qxg5 39. Nxg5 Rd2
40. Nf3 Nd5 41. Nxd2 1-0

[Event "Madrid ch - Previa A"]
[Site "Madrid ESP"]
[Date "2002.10.23"]
[Round "3.9"]
[White "Redondo Garcia, Jose Luis"]
[Black "Alvarez Usero, Jose Luis"]
[Result "0-1"]
[WhiteElo "1924"]
[BlackElo "1762"]
[PlyCount "76"]
[EventDate "2002.10.21"]
[EventType "swiss"]
[EventRounds "9"]
[EventCountry "ESP"]
[Source "lmi"]
[SourceDate "2002.10.21"]

1. e4 c5 2. Nf3 d6 3. d4 cxd4 4. Nxd4 Nf6 5. f3 e5 6. Nb3 Be6 7. Nc3 a6 8. Bg5
Be7 9. Bxf6 Bxf6 10. Nd5 Nd7 11. Be2 O-O 12. O-O Rc8 13. c3 Be7 14. Qd3 Nf6 15.
c4 Nxd5 16. cxd5 Bd7 17. Kh1 Bg5 18. Qd1 Qb6 19. Rb1 Rc7 20. Qe1 Rfc8 21. Rd1
Rc2 22. f4 Bxf4 23. g3 Bh6 24. Qf2 Qxf2 25. Rxf2 Be3 26. Rg2 Bh3 27. Re1 Bxg2+
28. Kxg2 Bb6 29. Kf3 Rxb2 30. Rc1 Rxc1 31. Nxc1 Rc2 32. Nd3 a5 33. a4 Rc3 34.
h4 Ra3 35. Kg2 Rxa4 36. Nf2 Bxf2 37. Kxf2 Rxe4 38. Bf3 Rd4 0-1

[Event "Madrid ch - Previa A"]
[Site "Madrid ESP"]
[Date "2002.10.23"]
[Round "3.10"]
[White "Gonzalo Gonzalez, Francisco"]
[Black "Sanchez Rodenas, Jose Antonio"]
[Result "1-0"]
[WhiteElo "1961"]
[BlackElo "1841"]
[PlyCount "53"]
[EventDate "2002.10.21"]
[EventType "swiss"]
[EventRounds "9"]
[EventCountry "ESP"]
[Source "lmi"]
[SourceDate "2002.10.21"]

1. e4 c6 2. Nf3 d5 3. exd5 cxd5 4. Bb5+ Bd7 5. Qe2 Bxb5 6. Qxb5+ Qd7 7. Nd4 a6
8. Qb3 Nc6 9. Ne2 Nf6 10. O-O e6 11. Qg3 Ne4 12. Qh3 e5 13. Qxd7+ Kxd7 14. d3
Nf6 15. Bg5 Be7 16. Nbc3 Kd6 17. Ng3 g6 18. f4 Raf8 19. fxe5+ Nxe5 20. Bxf6
Rhg8 21. Bxe5+ Kxe5 22. Rae1+ Kd6 23. Nge2 g5 24. Ng3 Bd8 25. Nf5+ Kc6 26. Ne7+
Bxe7 27. Rxe7 1-0

[Event "Madrid ch - Previa A"]
[Site "Madrid ESP"]
[Date "2002.10.23"]
[Round "3.11"]
[White "Suarez Prieto, Leopoldo"]
[Black "Arias de Reyna, Francisco"]
[Result "1-0"]
[WhiteElo "1918"]
[BlackElo "1787"]
[PlyCount "64"]
[EventDate "2002.10.21"]
[EventType "swiss"]
[EventRounds "9"]
[EventCountry "ESP"]
[Source "lmi"]
[SourceDate "2002.10.21"]

1. e4 c6 2. f4 d5 3. e5 Bf5 4. d4 e6 5. Nf3 h6 6. Be3 Qb6 7. b3 c5 8. Bd3 Bxd3
9. Qxd3 cxd4 10. Bxd4 Bc5 11. c3 Nc6 12. O-O Bxd4+ 13. cxd4 Nge7 14. Nc3 a6 15.
Kh1 O-O 16. Ne2 Rac8 17. a3 Rc7 18. g4 Na5 19. Rab1 Rfc8 20. f5 exf5 21. gxf5
Qb5 22. Qxb5 axb5 23. Nh4 Rc2 24. Nf4 Rf8 25. f6 gxf6 26. exf6 Nec6 27. Nxd5
Nxd4 28. Ne7+ Kh7 29. Rg1 Ne6 30. Rbe1 Nc6 31. Rxe6 Nxe7 32. fxe7 Re8 1-0

[Event "Madrid ch - Previa A"]
[Site "Madrid ESP"]
[Date "2002.10.23"]
[Round "3.12"]
[White "Lopez Mansillas, Vicente"]
[Black "Valero Peña, Lucio"]
[Result "1-0"]
[WhiteElo "1837"]
[BlackElo "1905"]
[PlyCount "33"]
[EventDate "2002.10.21"]
[EventType "swiss"]
[EventRounds "9"]
[EventCountry "ESP"]
[Source "lmi"]
[SourceDate "2002.10.21"]

1. e4 d6 2. d4 c6 3. Nf3 Qc7 4. Bf4 Bg4 5. Bc4 e6 6. h3 Bxf3 7. Qxf3 Qb6 8. Qd3
e5 9. dxe5 dxe5 10. Bxe5 Nd7 11. Bc3 f6 12. O-O Ne7 13. Rd1 Nc5 14. Qe3 a5 15.
Bd4 Ng6 16. Nc3 Qc7 17. Bxc5 1-0

[Event "Madrid ch - Previa A"]
[Site "Madrid ESP"]
[Date "2002.10.23"]
[Round "3.13"]
[White "Canseco Arenas, Alfonso"]
[Black "Aburto Renovales, Rafael"]
[Result "1-0"]
[WhiteElo "1901"]
[BlackElo "2000"]
[PlyCount "73"]
[EventDate "2002.10.21"]
[EventType "swiss"]
[EventRounds "9"]
[EventCountry "ESP"]
[Source "lmi"]
[SourceDate "2002.10.21"]

1. a3 Nf6 2. Nf3 c5 3. g3 Nc6 4. Bg2 d5 5. O-O e6 6. c4 Be7 7. cxd5 exd5 8. d4
cxd4 9. Nxd4 O-O 10. Nc3 a6 11. e3 Re8 12. b4 Bf8 13. Bb2 Ne5 14. Nb1 Nc4 15.
Bc1 Rb8 16. Nd2 b5 17. Nc6 Bg4 18. Qc2 Qb6 19. Nxb8 Qxb8 20. Nxc4 bxc4 21. Bb2
Be7 22. Rac1 Rd8 23. Bd4 Bh5 24. Qa4 Qb7 25. Rxc4 Be2 26. Rcc1 Bxf1 27. Bxf1
Ne4 28. Qxa6 Qd7 29. Qe2 Qf5 30. Rc7 Bd6 31. Ra7 h5 32. b5 Ng5 33. Bg2 Nh3+ 34.
Bxh3 Qxh3 35. b6 h4 36. Qh5 Rc8 37. Qxf7+ 1-0

[Event "Madrid ch - Previa A"]
[Site "Madrid ESP"]
[Date "2002.10.28"]
[Round "4.1"]
[White "Noriega de la Sierra, Antonio"]
[Black "Hernandez Navas, Francisco Javier"]
[Result "0-1"]
[WhiteElo "1846"]
[BlackElo "1923"]
[PlyCount "122"]
[EventDate "2002.10.21"]
[EventType "swiss"]
[EventRounds "9"]
[EventCountry "ESP"]
[Source "lmi"]
[SourceDate "2002.10.21"]

1. d4 Nf6 2. c4 e6 3. g3 d5 4. Nf3 c5 5. Bg2 dxc4 6. Qa4+ Bd7 7. Qxc4 Nc6 8.
O-O cxd4 9. Nxd4 Rc8 10. Nxc6 Bxc6 11. Qb3 Bxg2 12. Kxg2 Qd5+ 13. Qxd5 Nxd5 14.
e4 Nb4 15. a3 Nd3 16. Be3 Bc5 17. Bd2 Bd4 18. Bc3 Bxc3 19. Nxc3 a6 20. Rab1 b5
21. Rfd1 Nxb2 22. Nxb5 Nxd1 23. Nd6+ Ke7 24. Nxc8+ Rxc8 25. Rxd1 Rc3 26. Ra1
Kd6 27. Ra2 g5 28. f3 h5 29. h4 gxh4 30. gxh4 Ke5 31. Kg3 f5 32. exf5 Kxf5 33.
a4 e5 34. Kg2 Kf4 35. a5 Rxf3 36. Ra4+ e4 37. Rc4 Ra3 38. Rc5 Kg4 39. Re5 Ra4
40. Re6 Kxh4 41. Rxa6 Ra2+ 42. Kf1 Kg5 43. Ra8 Kf4 44. a6 h4 45. a7 Ke3 46. Kg1
h3 47. Kh1 h2 48. Re8 Rxa7 49. Kxh2 Rg7 50. Re6 Kf3 51. Rf6+ Ke2 52. Re6 e3 53.
Re8 Kf2 54. Rf8+ Ke1 55. Re8 e2 56. Ra8 Rd7 57. Kg2 Kd2 58. Ra2+ Ke3 59. Ra3+
Rd3 60. Ra1 Rd1 61. Ra3+ Kd4 0-1

[Event "Madrid ch - Previa A"]
[Site "Madrid ESP"]
[Date "2002.10.28"]
[Round "4.2"]
[White "Martin-Consuegra, Javier"]
[Black "Martinez Alvarez, Carlos"]
[Result "1/2-1/2"]
[WhiteElo "1923"]
[BlackElo "1839"]
[PlyCount "136"]
[EventDate "2002.10.21"]
[EventType "swiss"]
[EventRounds "9"]
[EventCountry "ESP"]
[Source "lmi"]
[SourceDate "2002.10.21"]

1. d4 Nf6 2. Bg5 Ne4 3. Bf4 d6 4. f3 Nf6 5. e4 Nbd7 6. Nh3 e5 7. Be3 Be7 8. c3
O-O 9. Nf2 Ne8 10. Bc4 Kh8 11. Nd2 Nb6 12. dxe5 dxe5 13. Bb3 Bd7 14. Qe2 Na4
15. Bxa4 Bxa4 16. b3 Bc6 17. Rd1 Qc8 18. Nc4 Qe6 19. Na5 a6 20. O-O Bb5 21. c4
Bc6 22. Nd3 f6 23. Nc5 Bxc5 24. Bxc5 Rg8 25. Nxc6 Qxc6 26. Rd5 b6 27. Ba3 Qe6
28. Rfd1 g5 29. Rd7 Rg7 30. Qd3 Rxd7 31. Qxd7 Qxd7 32. Rxd7 Kg8 33. Kf2 Rb8 34.
g3 a5 35. f4 exf4 36. gxf4 gxf4 37. Kf3 b5 38. c5 b4 39. Bc1 Rb5 40. Rd5 c6 41.
Rd7 Rxc5 42. Bxf4 Rc2 43. Rd2 Rxd2 44. Bxd2 Nd6 45. Bf4 Nb7 46. Bc7 Kf7 47. Ke3
Ke6 48. Kd4 Kd7 49. Bf4 Ke6 50. Bc7 c5+ 51. Kd3 Kd7 52. Bf4 Kc6 53. Bh6 Nd6 54.
h4 Nf7 55. Bf4 Ne5+ 56. Bxe5 fxe5 57. h5 h6 58. Kc4 Kb6 59. Kd5 Kb5 60. Kxe5 c4
61. bxc4+ Kxc4 62. Kf6 a4 63. e5 b3 64. axb3+ axb3 65. e6 b2 66. e7 b1=Q 67.
e8=Q Qf1+ 68. Kg6 Qf4 1/2-1/2

[Event "Madrid ch - Previa A"]
[Site "Madrid ESP"]
[Date "2002.10.28"]
[Round "4.3"]
[White "Roman Bada, Javier"]
[Black "Martin Sanchez, Pablo"]
[Result "0-1"]
[WhiteElo "2020"]
[BlackElo "1998"]
[PlyCount "164"]
[EventDate "2002.10.21"]
[EventType "swiss"]
[EventRounds "9"]
[EventCountry "ESP"]
[Source "lmi"]
[SourceDate "2002.10.21"]

1. e4 e5 2. Nf3 Nc6 3. Bb5 a6 4. Bxc6 dxc6 5. Nc3 Bg4 6. h3 Bxf3 7. Qxf3 Qe7 8.
d3 O-O-O 9. Be3 h5 10. O-O-O f6 11. d4 exd4 12. Rxd4 Qe6 13. Rxd8+ Kxd8 14. Qg3
Kc8 15. a3 Nh6 16. Bf4 Qf7 17. h4 g6 18. Qe3 b6 19. Rd1 Ng4 20. Qd3 Kb7 21. f3
Ne5 22. Bxe5 fxe5 23. Kb1 Bd6 24. Ne2 Be7 25. Qc3 Qe6 26. g3 Rc8 27. Rf1 Qh3
28. Qe1 Bc5 29. b4 Be3 30. Nc1 Bh6 31. Nd3 Bg7 32. Qf2 Qe6 33. Qe3 Rd8 34. Rd1
Rd4 35. Kb2 Bf8 36. c3 Rd7 37. Qe2 Rf7 38. Rf1 Bg7 39. Qe3 Bf6 40. Qe2 Be7 41.
Qe3 Bf8 42. Rd1 Bd6 43. Rf1 Qe7 44. Qg5 Qe6 45. Qe3 Rf8 46. Qf2 Qc4 47. Qe2 Qe6
48. Qe3 Ra8 49. f4 exf4 50. gxf4 a5 51. f5 gxf5 52. Rxf5 a4 53. Nc1 Rg8 54. Qf3
Rg3 55. Qxh5 Qxe4 56. Rf2 Rg4 57. Qf5 Rxh4 58. Qxe4 Rxe4 59. Kc2 b5 60. Kd3 Rh4
61. Ne2 Rh1 62. Kc2 Rh2 63. Rxh2 Bxh2 64. Kd3 Kc8 65. Ke4 Kd7 66. Kd4 Bd6 67.
c4 Ke6 68. c5 Be5+ 69. Ke4 Bb2 70. Nf4+ Kf6 71. Nd3 Bxa3 72. Kd4 Kf5 73. Kc3
Ke4 74. Nf2+ Ke3 75. Nd3 Ke2 76. Kc2 Kf3 77. Ne5+ Ke3 78. Nxc6 Ke4 79. Na7 Bxb4
80. c6 Kd5 81. Nxb5 Kxc6 82. Nd4+ Kd5 0-1

[Event "Madrid ch - Previa A"]
[Site "Madrid ESP"]
[Date "2002.10.28"]
[Round "4.4"]
[White "Rodriguez Bachiller, Luis"]
[Black "Pardiñas Riaño, Emilio"]
[Result "1-0"]
[WhiteElo "1978"]
[BlackElo "1848"]
[PlyCount "89"]
[EventDate "2002.10.21"]
[EventType "swiss"]
[EventRounds "9"]
[EventCountry "ESP"]
[Source "lmi"]
[SourceDate "2002.10.21"]

1. e4 c5 2. Nf3 Nc6 3. d4 cxd4 4. Nxd4 Nf6 5. Nc3 e5 6. Ndb5 d6 7. Bg5 a6 8.
Na3 b5 9. Nd5 Qa5+ 10. Bd2 Qd8 11. Bd3 Be7 12. O-O O-O 13. c4 bxc4 14. Nxc4 Rb8
15. Bc3 h6 16. Rc1 Be6 17. Nce3 Bxd5 18. Nxd5 Nxd5 19. exd5 Nd4 20. Kh1 Bg5 21.
f4 Bf6 22. Bb1 Qb6 23. Qd3 g6 24. Rcd1 Qb5 25. fxe5 Qxd3 26. Rxd3 Bxe5 27. Bxd4
Bxd4 28. Rxd4 Rxb2 29. Ra4 Rfb8 30. Be4 Re2 31. Bf3 Rf2 32. Kg1 Rfb2 33. Rxa6
R8b6 34. Rxb6 Rxb6 35. a4 Ra6 36. Ra1 Ra5 37. Kf2 Kg7 38. Ke3 Kf6 39. Kd4 h5
40. Be2 Kf5 41. Rf1+ Kg5 42. Bb5 f5 43. Re1 Ra8 44. Bc6 Rb8 45. Kc3 1-0

[Event "Madrid ch - Previa A"]
[Site "Madrid ESP"]
[Date "2002.10.28"]
[Round "4.5"]
[White "Alvarez Usero, Jose Luis"]
[Black "Castro Uceda, Jose Antonio"]
[Result "1-0"]
[WhiteElo "1762"]
[BlackElo "1700"]
[PlyCount "95"]
[EventDate "2002.10.21"]
[EventType "swiss"]
[EventRounds "9"]
[EventCountry "ESP"]
[Source "lmi"]
[SourceDate "2002.10.21"]

1. e4 c5 2. Nf3 d6 3. d4 cxd4 4. Nxd4 a6 5. Nc3 Nf6 6. Be3 e6 7. Be2 Nc6 8. O-O
Be7 9. f4 O-O 10. Kh1 Nxd4 11. Qxd4 b5 12. a3 Bb7 13. Rad1 Qc7 14. Bf3 Rfd8 15.
Qb6 Qxb6 16. Bxb6 Rd7 17. e5 Bxf3 18. Rxf3 dxe5 19. fxe5 Rxd1+ 20. Nxd1 Nd5 21.
Ba5 Rc8 22. c3 Rc4 23. Nf2 Bc5 24. b3 Rh4 25. g3 Rh5 26. c4 bxc4 27. bxc4 Ne7
28. Nd3 Bd4 29. c5 Nc6 30. Bb6 Nxe5 31. Nxe5 Rxe5 32. Rb3 Kf8 33. c6 Bxb6 34.
Rxb6 Ke7 35. Rxa6 Rc5 36. Kg2 Kd6 37. Ra7 Kxc6 38. Rxf7 Rg5 39. Kf3 Rf5+ 40.
Rxf5 exf5 41. h4 g6 42. Kf4 Kd5 43. a4 h6 44. a5 Kc5 45. Ke5 Kb5 46. Kf6 f4 47.
gxf4 g5 48. fxg5 1-0

[Event "Madrid ch - Previa A"]
[Site "Madrid ESP"]
[Date "2002.10.28"]
[Round "4.7"]
[White "Suarez Prieto, Leopoldo"]
[Black "Hernandez del Can, Jose"]
[Result "1-0"]
[WhiteElo "1918"]
[BlackElo "1911"]
[PlyCount "67"]
[EventDate "2002.10.21"]
[EventType "swiss"]
[EventRounds "9"]
[EventCountry "ESP"]
[Source "lmi"]
[SourceDate "2002.10.21"]

1. Nc3 Nf6 2. e3 g6 3. Bc4 d5 4. Bb3 c6 5. d4 Bg7 6. Nf3 Bg4 7. Ne2 Bxf3 8.
gxf3 Nbd7 9. c3 e5 10. Bc2 Nh5 11. Ng3 Nhf6 12. Qe2 O-O 13. Bd2 exd4 14. cxd4
c5 15. O-O-O cxd4 16. exd4 Re8 17. Qd3 Nb6 18. b3 Rc8 19. h4 h5 20. Bg5 Qc7 21.
Kb1 Qc3 22. Bd2 Qxd3 23. Bxd3 Na8 24. Rhg1 Nc7 25. Bg5 Ne6 26. Bxf6 Bxf6 27.
Nxh5 Bxd4 28. f4 Kf8 29. f5 gxh5 30. fxe6 Bf6 31. exf7 Re7 32. Rg8+ Kxf7 33.
Rxc8 Bxh4 34. Rh1 1-0

[Event "Madrid ch - Previa A"]
[Site "Madrid ESP"]
[Date "2002.10.28"]
[Round "4.9"]
[White "Galan Aguado, Fernando"]
[Black "Huerta Navarro, Eusebio"]
[Result "0-1"]
[WhiteElo "1798"]
[BlackElo "1946"]
[PlyCount "22"]
[EventDate "2002.10.21"]
[EventType "swiss"]
[EventRounds "9"]
[EventCountry "ESP"]
[Source "lmi"]
[SourceDate "2002.10.21"]

1. d4 d5 2. c4 e6 3. Nf3 Nf6 4. Bf4 Bd7 5. Ne5 c5 6. Nxd7 Qxd7 7. Nc3 cxd4 8.
Qxd4 Nc6 9. Qd1 d4 10. Nb1 e5 11. Bg3 Bb4+ 0-1

[Event "Madrid ch - Previa A"]
[Site "Madrid ESP"]
[Date "2002.10.28"]
[Round "4.13"]
[White "Sanchez Rodenas, Jose Antonio"]
[Black "Corredor Gonzalez, Angel"]
[Result "0-1"]
[WhiteElo "1841"]
[BlackElo "1874"]
[PlyCount "66"]
[EventDate "2002.10.21"]
[EventType "swiss"]
[EventRounds "9"]
[EventCountry "ESP"]
[Source "lmi"]
[SourceDate "2002.10.21"]

1. d4 Nf6 2. c4 e6 3. Nf3 d5 4. Nc3 Bb4 5. Bg5 O-O 6. e3 Nc6 7. Bd3 Re8 8. Ne5
Be7 9. O-O Nb4 10. Bxf6 Bxf6 11. Bxh7+ Kf8 12. Bd3 b6 13. cxd5 Nxd3 14. Qxd3
exd5 15. f4 g6 16. Rac1 Bf5 17. Qe2 c5 18. g4 Be6 19. f5 gxf5 20. gxf5 Bc8 21.
Qh5 Rxe5 22. dxe5 Bxe5 23. f6 Bxf6 24. Qxd5 Qxd5 25. Nxd5 Bxb2 26. Rcd1 Bb7 27.
Nf4 Be4 28. Rd7 Ke8 29. Rxf7 Kxf7 30. Nd3+ Ke6 31. Nxb2 Rg8+ 32. Kf2 Rg2+ 33.
Ke1 Rxb2 0-1

[Event "Madrid ch - Previa A"]
[Site "Madrid ESP"]
[Date "2002.10.28"]
[Round "4.14"]
[White "Valero Peña, Lucio"]
[Black "Arias de Reyna, Francisco"]
[Result "0-1"]
[WhiteElo "1905"]
[BlackElo "1787"]
[PlyCount "81"]
[EventDate "2002.10.21"]
[EventType "swiss"]
[EventRounds "9"]
[EventCountry "ESP"]
[Source "lmi"]
[SourceDate "2002.10.21"]

1. d4 d5 2. e3 Nf6 3. Bd3 c6 4. Nd2 Nbd7 5. f4 e6 6. Ngf3 c5 7. c3 Be7 8. Ne5
Qc7 9. O-O O-O 10. Rf3 b6 11. Rh3 Bb7 12. Qc2 Ne4 13. Nxe4 dxe4 14. Bxe4 Bxe4
15. Qxe4 g6 16. Qf3 Nxe5 17. fxe5 f6 18. exf6 Bxf6 19. Qg4 Rae8 20. Bd2 e5 21.
d5 e4 22. Be1 Qe5 23. Rd1 Qd6 24. Bg3 Be5 25. Qe2 Bxg3 26. Rxg3 Re5 27. c4 Ref5
28. Qc2 Qf6 29. h3 Qd6 30. Rg4 Rf2 31. Qxe4 Rxb2 32. Qe6+ Qxe6 33. dxe6 Re8 34.
Re4 Re7 35. Rd8+ Kg7 36. Rd7 Kf6 37. Rf4+ Kxe6 38. Rd5 Rxa2 39. e4 Rf7 40. Rxf7
Kxf7 41. Rd7+ 0-1

[Event "Madrid ch - Previa A"]
[Site "Madrid ESP"]
[Date "2002.10.29"]
[Round "5.1"]
[White "Hernandez Navas, Francisco Javier"]
[Black "Martin-Consuegra, Javier"]
[Result "1/2-1/2"]
[WhiteElo "1923"]
[BlackElo "1923"]
[PlyCount "44"]
[EventDate "2002.10.21"]
[EventType "swiss"]
[EventRounds "9"]
[EventCountry "ESP"]
[Source "lmi"]
[SourceDate "2002.10.21"]

1. c4 c6 2. Nc3 d5 3. cxd5 cxd5 4. d4 Nc6 5. Bf4 Nf6 6. e3 a6 7. Bd3 e6 8. h3
Bd6 9. Bxd6 Qxd6 10. a3 O-O 11. Nf3 Rd8 12. O-O e5 13. dxe5 Nxe5 14. Nd4 Nc6
15. b4 Nxd4 16. exd4 b6 17. Re1 Bb7 18. Re5 Nd7 19. Re3 Re8 20. Qe2 Nf6 21. Re1
Rxe3 22. Qxe3 Kf8 1/2-1/2

[Event "Madrid ch - Previa A"]
[Site "Madrid ESP"]
[Date "2002.10.29"]
[Round "5.2"]
[White "Martin Sanchez, Pablo"]
[Black "Rodriguez Bachiller, Luis"]
[Result "0-1"]
[WhiteElo "1998"]
[BlackElo "1978"]
[PlyCount "78"]
[EventDate "2002.10.21"]
[EventType "swiss"]
[EventRounds "9"]
[EventCountry "ESP"]
[Source "lmi"]
[SourceDate "2002.10.21"]

1. e4 c5 2. d4 cxd4 3. Nf3 Nc6 4. Nxd4 g6 5. Be3 Nf6 6. Nc3 Bg7 7. Be2 O-O 8.
O-O d6 9. f4 Ng4 10. Bxg4 Bxg4 11. Qd2 Nxd4 12. Bxd4 e5 13. Be3 exf4 14. Rxf4
Be6 15. Rff1 Be5 16. Qf2 Qa5 17. Rad1 Qb4 18. Rb1 a6 19. Kh1 f5 20. Nd5 Bxd5
21. exd5 Qc4 22. b3 Qxd5 23. Rbd1 Qe4 24. Rd4 Bxd4 25. Bxd4 Rac8 26. c4 Rce8
27. Qb2 Qe2 28. Qa1 Re6 29. h3 Rfe8 30. Rg1 Qd2 31. Bc3 Qf2 32. a3 Re2 33. Qd1
R8e6 34. Qd5 Qb6 35. b4 Qe3 36. Ba1 Re1 37. Rxe1 Qxe1+ 38. Kh2 Qe4 39. Qa5 Qe3
0-1

[Event "Madrid ch - Previa A"]
[Site "Madrid ESP"]
[Date "2002.10.29"]
[Round "5.3"]
[White "Martinez Alvarez, Carlos"]
[Black "Noriega de la Sierra, Antonio"]
[Result "1-0"]
[WhiteElo "1839"]
[BlackElo "1846"]
[PlyCount "35"]
[EventDate "2002.10.21"]
[EventType "swiss"]
[EventRounds "9"]
[EventCountry "ESP"]
[Source "lmi"]
[SourceDate "2002.10.21"]

1. e4 c5 2. Nf3 Nc6 3. d4 cxd4 4. Nxd4 g6 5. Nc3 Bg7 6. Be3 d6 7. Qd2 Nf6 8. f3
O-O 9. O-O-O a6 10. Bh6 Nxd4 11. Bxg7 Nxf3 12. gxf3 Kxg7 13. e5 Ne8 14. Ne4 Bf5
15. Ng3 Be6 16. h4 Nc7 17. Rg1 dxe5 18. Nh5+ 1-0

[Event "Madrid ch - Previa A"]
[Site "Madrid ESP"]
[Date "2002.10.29"]
[Round "5.4"]
[White "Rojas Jerez, Francisco J"]
[Black "Alvarez Usero, Jose Luis"]
[Result "1-0"]
[WhiteElo "1961"]
[BlackElo "1762"]
[PlyCount "53"]
[EventDate "2002.10.21"]
[EventType "swiss"]
[EventRounds "9"]
[EventCountry "ESP"]
[Source "lmi"]
[SourceDate "2002.10.21"]

1. d4 d5 2. c4 c6 3. Nc3 Nf6 4. Nf3 e6 5. Bg5 dxc4 6. e4 b5 7. e5 h6 8. Bh4 g5
9. Nxg5 Nd5 10. Nxf7 Qxh4 11. Nxh8 Bb4 12. Rc1 Na6 13. Be2 Qe4 14. O-O Bxc3 15.
bxc3 Nf4 16. Bf3 Qf5 17. Bxc6+ Kd8 18. Bxa8 Nc7 19. Bc6 Bd7 20. Bb7 Ncd5 21.
Qf3 Qd3 22. Bxd5 Ne2+ 23. Kh1 Nxc1 24. Rxc1 exd5 25. Qf8+ Be8 26. Nf7+ Kd7 27.
e6+ 1-0

[Event "Madrid ch - Previa A"]
[Site "Madrid ESP"]
[Date "2002.10.29"]
[Round "5.6"]
[White "Gonzalo Gonzalez, Francisco"]
[Black "Cano Mercado, Francisco"]
[Result "1-0"]
[WhiteElo "1961"]
[BlackElo "1978"]
[PlyCount "57"]
[EventDate "2002.10.21"]
[EventType "swiss"]
[EventRounds "9"]
[EventCountry "ESP"]
[Source "lmi"]
[SourceDate "2002.10.21"]

1. e4 c5 2. Nf3 e6 3. Nc3 Nc6 4. Bb5 d6 5. d4 cxd4 6. Nxd4 Bd7 7. Be3 Nf6 8. a3
Be7 9. f4 Nxd4 10. Bxd7+ Qxd7 11. Qxd4 O-O 12. O-O-O Qc6 13. h3 Rfd8 14. g4
Rac8 15. g5 Nh5 16. Rh2 Nxf4 17. Bxf4 e5 18. Nd5 Bf8 19. Bxe5 dxe5 20. Qxe5 Bd6
21. Qf5 Re8 22. Rhd2 Qc4 23. Kb1 Re5 24. Ne3 Qc7 25. Nd5 Qc4 26. Qf3 Bf8 27.
Rf1 Rxg5 28. Qxf7+ Kh8 29. Qxf8+ 1-0

[Event "Madrid ch - Previa A"]
[Site "Madrid ESP"]
[Date "2002.10.29"]
[Round "5.7"]
[White "Canseco Arenas, Alfonso"]
[Black "Suarez Prieto, Leopoldo"]
[Result "1-0"]
[WhiteElo "1901"]
[BlackElo "1918"]
[PlyCount "78"]
[EventDate "2002.10.21"]
[EventType "swiss"]
[EventRounds "9"]
[EventCountry "ESP"]
[Source "lmi"]
[SourceDate "2002.10.21"]

1. a3 Nf6 2. Nf3 d5 3. c4 e6 4. b4 dxc4 5. e3 b5 6. Nc3 c6 7. Bb2 Bd6 8. Qc2
Bb7 9. d4 Qc7 10. g3 Nbd7 11. Bg2 a6 12. O-O Nf8 13. Rad1 Ng6 14. e4 Be7 15. h4
h6 16. Rfe1 O-O 17. Nh2 Rae8 18. e5 Nh5 19. Bf3 Nhf4 20. gxf4 Bxh4 21. Bc1 f5
22. Bh5 Kh7 23. Re2 c5 24. bxc5 Qc6 25. f3 Bg3 26. Bxg6+ Kxg6 27. Rg2 Kh7 28.
Rxg3 g5 29. fxg5 Rg8 30. Ng4 Ref8 31. Kf2 a5 32. Nf6+ Rxf6 33. exf6 Rg6 34. Rh1
b4 35. axb4 axb4 36. Ne2 b3 37. Qxc4 b2 38. Bxb2 Rxf6 39. Qd3 Ba6 1-0